Statistics: for business and economics. Ed 3. (Record no. 108272)

MARC details
000 -LEADER
fixed length control field 00463nam a2200169Ia 4500
008 - FIXED-LENGTH DATA ELEMENTS--GENERAL INFORMATION
fixed length control field 210210b2003 xxu||||| |||| 00| 0 eng d
020 ## - INTERNATIONAL STANDARD BOOK NUMBER
International Standard Book Number 1403 91104 5
082 ## - DEWEY DECIMAL CLASSIFICATION NUMBER
Classification number 519.5 HOOS
100 ## - MAIN ENTRY--PERSONAL NAME
Personal name HOODA (R P).
245 ## - TITLE STATEMENT
Title Statistics: for business and economics. Ed 3.
250 ## - EDITION STATEMENT
Edition statement
260 ## - PUBLICATION, DISTRIBUTION, ETC.
Place of publication, distribution, etc. New Delhi
Name of publisher, distributor, etc. Macmillan India Ltd.
Date of publication, distribution, etc. 2003
300 ## - PHYSICAL DESCRIPTION
Extent xxvii,855
650 ## - SUBJECT ADDED ENTRY--TOPICAL TERM
Topical term or geographic name entry element Statistics Business Economics
690 ## - LOCAL SUBJECT ADDED ENTRY--TOPICAL TERM (OCLC, RLIN)
Topical term or geographic name as entry element Mathematical Statistics
906 ## - LOCAL DATA ELEMENT F, LDF (RLIN)
a 061556
Holdings
Withdrawn status Lost status Source of classification or shelving scheme Damaged status Not for loan Collection code Home library Current library Date acquired Source of acquisition Cost, normal purchase price Total Checkouts Full call number Barcode Date last seen Price effective from Koha item type
    Dewey Decimal Classification     Statistics St Aloysius Library St Aloysius Library 02/17/2021 Intel Book Distributors Pvt Ltd, Bangalore-50 365.00   519.5 HOOS 061556 02/17/2021 02/17/2021 Book